00380nam a2200145Ia 4500020001800000082002000018100001800038245003800056260003800094300001000132504003800142650001900180650001900199650001600218 a0-7069-1369-8 a340.50954 BAX-; aBaxi, Upendra 0aCrisis of the Indian legal system aNew DelhibVikas Publishingc1982 a405p. aAlternatives in development : Law aCourts - India aCrises - India aLaw - India